00681nam a2200217 a 450000500170000000800410001701000140005802000260007203500130009803700150011104000180012608200100014410000250015424500970017926000360027627000480031230000290036050000350038965000190042470000200044320090605143635.0081017s2009 nyua 000 1 eng  aENG-93912 a9788120336087c350.00 aEN-77445 bDBAD / PUB adplbEnglish  a620.5 aChattopadhyay, K.K.  aIntroduction to nanoscienec and nanotechnology /cby K.K. Chattopadhyay [and] A.N. Banerjee  aNew Delhi bPHI Learning c2009 aM-97, Connaught Circus bNew Delhi e110001 aviii, 268p. c24cm(pbk)  aIncludes references and index  aNanotechnology aBanerjee, A.N.